| 000 | 00516nam a2200181Ia 4500 | ||
|---|---|---|---|
| 999 |
_c1852 _d1852 |
||
| 003 | OSt | ||
| 005 | 20201001094828.0 | ||
| 008 | 190216s9999||||xx |||||||||||||| ||und|| | ||
| 020 | _a9780748407460 | ||
| 040 | _coclc | ||
| 082 |
_a631.523 _bBEN/P |
||
| 100 |
_aBenson, Erica E _95248 |
||
| 245 | 0 |
_aPlant Conservation Biotechnology / _cErica E Benson |
|
| 260 |
_bTaylor & Francise, _c2003. _aLondon: |
||
| 300 | _a309p | ||
| 650 | _aBotany | ||
| 942 |
_cBK _2ddc _h631.523 _iBEN/P _k631.523 _mBEN/P |
||